|
|
|
|
| LEADER |
00776cam a2200205 7i4500 |
| 001 |
0000006894 |
| 005 |
19991025090000.0 |
| 002 |
##000008615 |
| 020 |
0 |
0 |
|a T000006477
|
| 090 |
0 |
0 |
|a P 668.4
|b ENV
|
| 245 |
0 |
0 |
|a Environmental quick scan plastic and rubber products :
|b a trade-related orientation on environmentaland health issues relevant to exporters to the European Union.
|
| 260 |
0 |
0 |
|a Rotterdam:
|b CBI,
|c 1998.
|
| 300 |
0 |
0 |
|a 133 p..
|
| 650 |
0 |
0 |
|a Plastics products --
|z European Union
|
| 650 |
0 |
0 |
|a Rubber products --
|z European Union
|
| 650 |
0 |
0 |
|a Environmental policy --
|x Plastics products --
|x Rubber products --
|z European Union
|
| 651 |
0 |
0 |
|a Netherlands
|
| 651 |
0 |
0 |
|a Germany
|
| 651 |
0 |
0 |
|a European Union
|
| 999 |
|
|
|a 0000010020
|b Book
|c Open shelf
|e Business Information Centre
|